Vybrané otázky teórií európskej hospodársko-politickej integrácie

Medzinárodná deľba práce, prehlbujúca sa kooperácia ekonomických subjektov, spolupráca nadnárodných korporácií majú za následok realizáciu európskeho integračného procesu. Pojem integrácia ako integračný proces za účelom presadzovania spoločne vytýčeného cieľa, pričom si jednotlivý účastníci ponechá...

Full description

Saved in:
Bibliographic Details
Main Author: Nahálka, Vladimír
Format: Book Chapter
Language:Slovak
Subjects:
Tags: Add Tag
No Tags, Be the first to tag this record!

MARC

LEADER 00000nla$a2200000$$$4500
001 0125295
005 20240502072429.2
041 0 |a slo 
044 |a SK 
245 1 0 |a Vybrané otázky teórií európskej hospodársko-politickej integrácie  |c Vladimír Nahálka 
520 |a Medzinárodná deľba práce, prehlbujúca sa kooperácia ekonomických subjektov, spolupráca nadnárodných korporácií majú za následok realizáciu európskeho integračného procesu. Pojem integrácia ako integračný proces za účelom presadzovania spoločne vytýčeného cieľa, pričom si jednotlivý účastníci ponechávajú istú mieru suverenity. Stručný prehľad teórie európskej hospodársko – politickej integrácie 
610 2 0 |a integrácia ekonomická medzinárodná 
610 2 0 |a deľba práce medzinárodná 
610 2 0 |a kooperácia 
610 2 0 |a paradigma 
610 2 0 |a štát 
610 2 0 |a Európa 
100 1 |a Nahálka, Vladimír